000
00304nam a22001217a 4500
008
181022b xxu||||| |||| 00| 0 eng d
041
_a
eng
080
_a
701
100
_a
44
101
_a
ART
245
_a
In the Sunlight: The Floral and Figurative Art of J.H.Twachtman
_c
Peters,L.N
942
_2
udc
_c
BK
999
_c
50434
_d
50434